书目信息 |
| 题名: |
匈牙利
|
|
| 作者: | ;周东耀 译 ;新加坡APA出版有限公司 编 | |
| 分册: | ||
| 出版信息: | 北京 中国水利水电出版社 2004.09 |
|
| 页数: | 307页 | |
| 开本: | 22cm | |
| 丛书名: | 异域风情丛书 | |
| 单 册: | ||
| 中图分类: | K951.5 | |
| 科图分类: | ||
| 主题词: | ||
| 电子资源: | ||
| ISBN: | 7-5084-2193-0 | |
| 000 | 01077nam 2200277 450 | |
| 001 | 012008452538 | |
| 005 | 20080314145155.68 | |
| 010 | @a7-5084-2193-0@dCNY68.00 | |
| 100 | @a20080314d2004 km y0chiy0120 ea | |
| 101 | 1 | @achi@cger |
| 102 | @aCN@b110000 | |
| 105 | @aab z 000yy | |
| 106 | @ar | |
| 200 | 1 | @a匈牙利@Axiong ya li@f[新加坡APA出版有限公司编]@F[xin jia po APA chu ban you xian gong si bian]@g周东耀等译@Gzhou dong yao deng yi |
| 210 | @a北京@c中国水利水电出版社@d2004.09 | |
| 215 | @a307页@c图, 地图@d22cm | |
| 225 | 2 | @a异域风情丛书@Ayi yu feng qing cong shu |
| 304 | @a责任者取自版权页。 | |
| 330 | @a本书介绍了匈牙利的地理环境、政治经济、历史沿革、文化艺术。以大量的彩色照片,展示了最具特色的名胜古迹、风土人情和自然风光;还介绍了旅游景点、旅游诀窍和注意事项等内容。 | |
| 410 | 0 | @12001 @a异域风情丛书 |
| 607 | 0 | @a匈牙利@x概况 |
| 690 | @aK951.5@v4 | |
| 702 | 0 | @a周东耀@Azhou dong yao@4译 |
| 711 | 02 | @a新加坡APA出版有限公司@Axin jia po APA chu ban you xian gong si@4编 |
| 801 | 0 | @aCN@bQSSK@c20080314 |
| 905 | @b20282935-37@dK951.5@eX547@f3 | |
| 匈牙利/[新加坡APA出版有限公司编]/周东耀等译.-北京:中国水利水电出版社,2004.09 |
| 307页:图, 地图;22cm.-(异域风情丛书) |
| ISBN 7-5084-2193-0:CNY68.00 |
| 本书介绍了匈牙利的地理环境、政治经济、历史沿革、文化艺术。以大量的彩色照片,展示了最具特色的名胜古迹、风土人情和自然风光;还介绍了旅游景点、旅游诀窍和注意事项等内容。 |
| ● |
| 相关链接 |
|
|
|
正题名:匈牙利
索取号:K951.5/X547
 
预约/预借
| 序号 | 登录号 | 条形码 | 馆藏地/架位号 | 状态 | 备注 |
| 1 | 282935 | 202829350 | 社科库309/309社科库 27排4列2层/ [索取号:K951.5/X547] | 在馆 | |
| 2 | 282936 | 202829369 | 社科库309/309社科库 27排4列2层/ [索取号:K951.5/X547] | 在馆 | |
| 3 | 282937 | 202829378 | 社科库309/309社科库 27排4列2层/ [索取号:K951.5/X547] | 在馆 |